Statistics for Countries Closest to Mexico

Click here to take the quiz!

General Stats

  • This quiz has been taken 1,383 times
  • The average score is 17 of 20

Answer Stats

kmcountrymi% Correct
0United States0
100%
197Cuba123
94%
1092Panama679
94%
0Guatemala0
93%
178Honduras110
93%
875Colombia543
92%
752Costa Rica467
92%
0Belize0
91%
1813Canada1126
91%
207El Salvador128
91%
1307Haiti812
91%
472Nicaragua293
91%
1826Venezuela1135
90%
914Jamaica568
89%
1558Dominican
Republic
968
87%
931Bahamas579
85%
1603Ecuador996
80%
2390Peru1485
75%
2006Aruba1246
31%
2107Curaçao1309
26%

Score Distribution

Percentile by Number Answered

Percent of People with Each Score

Your Score History

You have not taken this quiz